| 000 | 00946nam a2200241 a 4500 | ||
|---|---|---|---|
| 001 | BRCA_839 | ||
| 005 | 20190320203154.0 | ||
| 008 | 871006s1988 caua---##c---#001-0#eng-# | ||
| 020 | _a0875871445 | ||
| 040 |
_aDLC _cDLC _dDLC |
||
| 050 | 4 |
_aNK7103 _b.S37 1988 |
|
| 100 | 1 |
_aSchroder, Timothy B. _92791 |
|
| 245 | 1 | 0 |
_aThe Gilbert Collection of Gold and Silver _cTimothy B. Schroder. |
| 260 |
_aLos Ángeles, California _bLos Angeles County Museum of Art _c1988 |
||
| 300 |
_a688 p. _bil. (algunas a color) _c29 cm. |
||
| 500 | _aIncluye índice alfabético y glosario | ||
| 504 | _aBibliografía : p. 672-682 | ||
| 600 | 1 | 4 |
_aGilbert, Arthur _d1913- _xColecciones de arte _92792 |
| 600 | 1 | 4 |
_aGilbert, Rosalinde _vCatálogos _xColecciones de arte _92793 |
| 650 | 1 | 4 |
_aOrfebrería _vCatálogos _xColecciones privadas _zCalifornia _92794 |
| 650 | 1 | 4 |
_aTrabajo en plata _vCatálogos _xColecciones privadas _zCalifornia (Estados Unidos) _92795 |
| 942 |
_2lcc _cB |
||
| 999 |
_c734 _d734 |
||